000 00398nam a2200169Ia 4500
999 _c970
_d970
003 OSt
005 20190923144527.0
008 190722s9999 xx 000 0 und d
020 _a978-0124077263
040 _cmaju
100 _aDavid Patterson
245 0 _aComputer Organization & Design
250 _a5th
260 _aNew Delhi
_bMorgan Kaufmann
_c2014
300 _a775
942 _cBK
_2ddc